[Event "FRA-ch op-C"]
[Site "Albi"]
[Date "2022.08.20"]
[Round "8"]
[White "Vasselin, Louis"]
[Black "Bourgoin, Cecile"]
[Result "1-0"]
[WhiteElo "1716"]
[BlackElo "1679"]
[PlyCount "63"]
[EventDate "2022.08.13"]
[EventType "swiss"]
[EventRounds "9"]
[EventCountry "FRA"]
[SourceTitle "CBM 210 Extra"]
[Source "ChessBase"]
[SourceDate "2022.11.30"]
[SourceVersion "1"]
[SourceVersionDate "2022.11.30"]
[SourceQuality "1"]

1. e4 e6 2. b3 d5 3. Bb2 dxe4 4. Nc3 Nf6 5. Qe2 Be7 6. Nxe4 Nbd7 7. g4 Nxe4 8. Qxe4 Bf6 9. d4 Nc5 10. Qe2 Qd5 11. Nf3 b6 12. 0-0-0 Bb7 13. Bg2 Bg5+ 14. Kb1 Ba6 15. Qe1 Nb7 16. c4 Qd8 17. Nxg5 Qxg5 18. Bc6+ Kf8 19. Qb4+ Qe7 20. Qa4 Rd8 21. Ba3 Nd6 22. Qxa6 Kg8 23. c5 bxc5 24. dxc5 Ne8 25. Rxd8 Qxd8 26. Bxe8 Qxe8 27. Rd1 h6 28. Qd3 Qc6 29. Qc2 Qe8 30. c6 g6 31. Bb2 Rh7 32. Bf6 1-0

[Event "FRA-ch op-C"]
[Site "Albi"]
[Date "2022.08.14"]
[Round "2"]
[White "Bourgoin, Cecile"]
[Black "Benouaret, Idir"]
[Result "1-0"]
[WhiteElo "1679"]
[BlackElo "1750"]
[PlyCount "117"]
[EventDate "2022.08.13"]
[EventType "swiss"]
[EventRounds "9"]
[EventCountry "FRA"]
[SourceTitle "CBM 210 Extra"]
[Source "ChessBase"]
[SourceDate "2022.11.30"]
[SourceVersion "1"]
[SourceVersionDate "2022.11.30"]
[SourceQuality "1"]

1. d4 d5 2. Nf3 Nf6 3. Bf4 c6 4. e3 Qb6 5. b3 Bg4 6. Bd3 Nbd7 7. h3 Bh5 8. Nbd2 e6 9. a3 c5 10. 0-0 Rc8 11. c4 Qd8 12. Qe1 Be7 13. e4 dxe4 14. Bxe4 Nxe4 15. Qxe4 b6 16. Rfe1 Bg6 17. Qe3 cxd4 18. Nxd4 0-0 19. N2f3 Bc5 20. Rad1 Qe8 21. b4 Bxd4 22. Rxd4 Kh8 23. Red1 Nf6 24. Bd6 Rg8 25. Ne5 Bf5 26. g4 Bg6 27. g5 Nh5 28. Nxg6+ fxg6 29. Re4 Qf7 30. Rxe6 Rxc4 31. Re7 Qf5 32. Re8 Rc8 33. Rxg8+ Rxg8 34. Rd4 Qb1+ 35. Kh2 Qf5 36. Re4 Qd5 37. Be5 Qf7 38. Bd4 Qc7+ 39. Kg1 Qc6 40. Re6 Qa4 41. Re5 Qc6 42. b5 Qc4 43. Bc3 Qc8 44. a4 Nf4 45. Kh2 Nh5 46. Bb2 Qc7 47. Kg1 Qd8 48. Re7 Qd1+ 49. Kg2 Qxa4 50. Qe5 Qa2 51. Re8 Qf7 52. Rxg8+ Qxg8 53. Qc7 Qa8+ 54. f3 Kg8 55. Be5 a6 56. bxa6 Qxa6 57. Qd8+ Kf7 58. Qd7+ Kf8 59. Bd6+ 1-0

[Event "FRA-chT Top 12"]
[Site "Chalons en Champagne"]
[Date "2021.06.27"]
[Round "4.5"]
[White "Bourgoin, Cecile"]
[Black "Guichard, Pauline"]
[Result "0-1"]
[WhiteElo "1688"]
[BlackElo "2413"]
[PlyCount "106"]
[EventDate "2021.06.24"]
[EventType "team-tourn"]
[EventRounds "11"]
[EventCountry "FRA"]
[SourceTitle "CBM 203 Extra"]
[Source "ChessBase"]
[SourceDate "2021.09.30"]
[SourceVersion "1"]
[SourceVersionDate "2021.09.30"]
[SourceQuality "1"]
[WhiteTeam "Agenais Echiquier"]
[BlackTeam "Asnieres"]
[WhiteTeamCountry "FRA"]
[BlackTeamCountry "FRA"]

1. d4 Nf6 2. Nf3 g6 3. Bf4 Bg7 4. e3 d6 5. h3 c5 6. c3 Nbd7 7. Be2 b6 8. Nbd2 Bb7 9. Qc2 0-0 10. 0-0 Qc7 11. Rac1 Rac8 12. Qb1 Rfe8 13. e4 e5 14. dxe5 dxe5 15. Bh2 Nh5 16. Bc4 Nf4 17. Ng5 Re7 18. g3 Ne6 19. Nxe6 fxe6 20. Nf3 Qc6 21. Rcd1 b5 22. Bb3 Rf8 23. Nd2 c4 24. Bc2 Ref7 25. Kg2 Nc5 26. f3 Bh6 27. Bg1 Rd7 28. Bxc5 Qxc5 29. Nb3 Rxd1 30. Nxc5 Rxb1 31. Bxb1 Bc8 32. Rd1 Be3 33. Nd7 Bxd7 34. Rxd7 Bc1 35. b3 a5 36. bxc4 bxc4 37. Rd1 Ba3 38. Kf2 Rb8 39. Kf1 Rb2 40. f4 Kg7 41. fxe5 Kh6 42. Rc1 Rh2 43. Kg1 Rd2 44. Rf1 Kg5 45. Re1 h5 46. Kf1 Rb2 47. Rc1 Rh2 48. Kg1 Rd2 49. Re1 h4 50. g4 Kf4 51. Kf1 Kf3 52. Kg1 Bc5+ 53. Kh1 Kg3 0-1

[Event "FIDE World Uni Blitz-B 1st"]
[Site "Tornelo INT"]
[Date "2021.03.13"]
[Round "9.41"]
[White "Ribiere, Damien"]
[Black "Bourgoin, Cecile"]
[Result "1-0"]
[WhiteElo "2083"]
[BlackElo "1688"]
[PlyCount "27"]
[EventDate "2021.03.13"]
[EventType "swiss (blitz)"]
[EventRounds "10"]
[EventCountry "NET"]
[SourceTitle "EXT 2022"]
[Source "ChessBase"]
[SourceDate "2021.10.06"]
[SourceVersion "1"]
[SourceVersionDate "2021.10.06"]
[SourceQuality "1"]

1. e4 e6 2. d4 d5 3. Nc3 Nf6 4. e5 Nfd7 5. Nf3 c5 6. dxc5 Bxc5 7. Bd3 Nc6 8. Bf4 Qb6 9. 0-0 Ncxe5 10. Nxe5 Nxe5 11. Bxe5 f6 12. Qh5+ Ke7 13. Bg3 e5 14. Nxd5+ 1-0

[Event "Trophee Roza Lallemand Online"]
[Site "Tornelo INT"]
[Date "2020.12.13"]
[Round "7"]
[White "Denis, Monique"]
[Black "Bourgoin, Cecile"]
[Result "0-1"]
[WhiteElo "1442"]
[BlackElo "1688"]
[PlyCount "56"]
[EventDate "2020.12.13"]
[EventType "swiss (rapid)"]
[EventRounds "9"]
[EventCountry "USA"]
[SourceTitle "EXT 2022"]
[Source "ChessBase"]
[SourceDate "2021.10.06"]
[SourceVersion "1"]
[SourceVersionDate "2021.10.06"]
[SourceQuality "1"]

1. e4 e6 2. Nf3 d5 3. e5 c5 4. Bb5+ Nc6 5. Bxc6+ bxc6 6. 0-0 Ne7 7. d3 Ng6 8. h3 Be7 9. Nh2 Nxe5 10. f4 Ng6 11. c3 0-0 12. Be3 d4 13. cxd4 cxd4 14. Bd2 c5 15. a3 Bb7 16. Qe2 Nh4 17. Nf3 Nxf3+ 18. gxf3 Qd5 19. Be1 Qh5 20. Kh2 Bd6 21. Bg3 Rae8 22. Nd2 e5 23. Ne4 exf4 24. Bf2 f5 25. Nxd6 Rxe2 26. Nxb7 Qxf3 27. Kg1 Qxb7 28. Bh4 Qg2# 0-1

[Event "Trophee Roza Lallemand Online"]
[Site "Tornelo INT"]
[Date "2020.12.13"]
[Round "9"]
[White "Gobeaut, Claudine"]
[Black "Bourgoin, Cecile"]
[Result "0-1"]
[WhiteElo "1393"]
[BlackElo "1688"]
[PlyCount "84"]
[EventDate "2020.12.13"]
[EventType "swiss (rapid)"]
[EventRounds "9"]
[EventCountry "USA"]
[SourceTitle "EXT 2022"]
[Source "ChessBase"]
[SourceDate "2021.10.06"]
[SourceVersion "1"]
[SourceVersionDate "2021.10.06"]
[SourceQuality "1"]

1. d4 e6 2. Nf3 Nf6 3. Bg5 Be7 4. Nbd2 0-0 5. e3 b6 6. Bd3 Bb7 7. c3 d6 8. Qc2 Nbd7 9. 0-0 Rc8 10. e4 e5 11. d5 Nxd5 12. exd5 Bxg5 13. Bxh7+ Kh8 14. Bd3 Bxd5 15. Be4 Be6 16. Bd3 f5 17. Ba6 Rb8 18. Be2 e4 19. Nd4 Bd5 20. f4 exf3 21. N4xf3 Be3+ 22. Kh1 Nc5 23. c4 Ba8 24. b4 Ne4 25. Nxe4 Bxe4 26. Rae1 Bxc2 27. g3 Be4 28. h3 Qg5 29. Kh2 Qh6 30. h4 f4 31. Ng5 fxg3+ 32. Kxg3 Bxg5 33. hxg5 Qxg5+ 34. Kh3 Bg2+ 35. Kh2 Bxf1 36. Bxf1 Qh4+ 37. Kg1 Qxe1 38. Kg2 Qxf1+ 39. Kg3 Qf2+ 40. Kg4 Qf3+ 41. Kg5 Qf4+ 42. Kg6 Qf5# 0-1

[Event "Trophee Roza Lallemand Online"]
[Site "Tornelo INT"]
[Date "2020.12.13"]
[Round "1"]
[White "Negre, Emilie"]
[Black "Bourgoin, Cecile"]
[Result "0-1"]
[WhiteElo "1482"]
[BlackElo "1688"]
[PlyCount "90"]
[EventDate "2020.12.13"]
[EventType "swiss (rapid)"]
[EventRounds "9"]
[EventCountry "USA"]
[SourceTitle "EXT 2022"]
[Source "ChessBase"]
[SourceDate "2021.10.06"]
[SourceVersion "1"]
[SourceVersionDate "2021.10.06"]
[SourceQuality "1"]

1. d4 e6 2. Nf3 Nf6 3. g3 Be7 4. Bg2 0-0 5. 0-0 d5 6. Nbd2 c5 7. c3 Nc6 8. Re1 Qb6 9. Nb3 c4 10. Nbd2 Qc7 11. e4 b5 12. b3 Na5 13. b4 Nc6 14. e5 Nd7 15. a3 a5 16. Bb2 f6 17. exf6 Nxf6 18. Ne5 Nxe5 19. Rxe5 Bd6 20. Re3 e5 21. dxe5 Bxe5 22. Nf3 Bg4 23. Qd2 Bxf3 24. Bxf3 Rad8 25. Qe2 Bd6 26. Rd1 axb4 27. axb4 Qb7 28. Re6 Bb8 29. Re7 Qc6 30. Re6 Qd7 31. Re7 Qf5 32. Re5 Qd7 33. Re7 Qc6 34. Re6 Rd6 35. Re7 Re8 36. Rxe8+ Nxe8 37. Qe7 Re6 38. Qh4 Nf6 39. Bc1 Be5 40. Bg5 d4 41. cxd4 Qxf3 42. dxe5 Qxd1+ 43. Kg2 Qd5+ 44. Kg1 Rxe5 45. Bxf6 Re1# 0-1

[Event "Ille et Vilaine-ch 1112"]
[Site "Ile et Vilaine"]
[Date "2012.01.21"]
[Round "4.6"]
[White "Bourgoin, Cecile"]
[Black "Le Duigou, Jean Guy"]
[Result "0-1"]
[WhiteElo "1510"]
[BlackElo "2006"]
[PlyCount "58"]
[EventDate "2012.10.??"]
[EventType "swiss"]
[EventRounds "7"]
[EventCountry "FRA"]
[SourceTitle "EXT 2014"]
[Source "ChessBase"]
[SourceDate "2013.11.20"]
[SourceVersion "1"]
[SourceVersionDate "2013.11.20"]
[SourceQuality "1"]

1. d4 Nf6 2. e3 d5 3. Bd3 c5 4. c3 e6 5. Nd2 Nc6 6. f4 Be7 7. Ngf3 Ng4 8. Nf1 f5 9. h3 Nf6 10. N1d2 Ne4 11. 0-0 0-0 12. Qe1 c4 13. Bc2 b5 14. a3 Bd7 15. Bxe4 fxe4 16. Ne5 Nxe5 17. dxe5 Bc5 18. b3 Qb6 19. Kf2 Rxf4+ 20. Kg3 Rxf1 21. Qxf1 Bxe3 22. a4 Rf8 23. Qe2 Bf4+ 24. Kg4 Qd8 25. h4 Qe8 26. Kh3 Qg6 27. Nf1 Bxe5 28. Be3 Rxf1 29. Rxf1 Qg3# 0-1

[Event "Ille et Vilaine-ch 1112"]
[Site "Ile et Vilaine"]
[Date "2011.12.03"]
[Round "3.17"]
[White "Marchais, Paul"]
[Black "Bourgoin, Cecile"]
[Result "0-1"]
[WhiteElo "1220"]
[BlackElo "1510"]
[PlyCount "60"]
[EventDate "2012.10.??"]
[EventType "swiss"]
[EventRounds "7"]
[EventCountry "FRA"]
[SourceTitle "EXT 2014"]
[Source "ChessBase"]
[SourceDate "2013.11.20"]
[SourceVersion "1"]
[SourceVersionDate "2013.11.20"]
[SourceQuality "1"]

1. c4 e6 2. Nc3 f5 3. Nf3 Nf6 4. d3 b6 5. g3 Bb7 6. Bg2 Bc5 7. d4 Bd6 8. 0-0 0-0 9. d5 Bb4 10. Qd3 Bxc3 11. bxc3 b5 12. cxb5 Bxd5 13. Ba3 Rf7 14. Ne5 Bxg2 15. Kxg2 d6 16. Nxf7 Kxf7 17. Qf3 Nbd7 18. c4 Qf8 19. Bb2 Ng4 20. h3 Nge5 21. Bxe5 Nxe5 22. Qc3 Qc8 23. c5 Qb7+ 24. Kh2 h5 25. cxd6 Ng4+ 26. hxg4 Rc8 27. d7 Rd8 28. Rfd1 hxg4 29. Rab1 Rh8+ 30. Kg1 Rh1# 0-1

[Event "FRA-ch U08 Girls"]
[Site "Aix les Bains"]
[Date "2006.??.??"]
[Round "4"]
[White "Bourgoin, Cecile"]
[Black "Remy, Camille"]
[Result "0-1"]
[WhiteElo "1009"]
[BlackElo "1490"]
[PlyCount "30"]
[EventDate "2006.04.16"]
[EventType "swiss"]
[EventRounds "9"]
[EventCountry "FRA"]
[SourceTitle "EXT 2007"]
[Source "ChessBase"]
[SourceDate "2006.11.23"]
[SourceVersion "1"]
[SourceVersionDate "2006.11.23"]
[SourceQuality "1"]

1. e4 e5 2. Bc4 Nf6 3. Nf3 Nc6 4. 0-0 Nxe4 5. d3 Nf6 6. Bg5 Be7 7. Nc3 d6 8. h3 0-0 9. Bb5 d5 10. Bxc6 bxc6 11. Nxe5 Bd6 12. Nxc6 Qe8 13. Bxf6 gxf6 14. Nd4 Qe5 15. Ncb5 Qh2# 0-1

[Event "FRA-ch U08 Girls"]
[Site "Aix les Bains"]
[Date "2006.??.??"]
[Round "2"]
[White "Joudelat, Noemie"]
[Black "Bourgoin, Cecile"]
[Result "1-0"]
[WhiteElo "1380"]
[BlackElo "1009"]
[PlyCount "67"]
[EventDate "2006.04.16"]
[EventType "swiss"]
[EventRounds "9"]
[EventCountry "FRA"]
[SourceTitle "EXT 2007"]
[Source "ChessBase"]
[SourceDate "2006.11.23"]
[SourceVersion "1"]
[SourceVersionDate "2006.11.23"]
[SourceQuality "1"]

1. e4 e5 2. Nf3 d6 3. Bc4 Nf6 4. Ng5 Bg4 5. f3 Bh5 6. Nc3 Nc6 7. Qe2 Nd4 8. Qd3 Nc6 9. b3 Be7 10. Bb2 0-0 11. 0-0-0 Nd4 12. Rhg1 c6 13. g4 d5 14. exd5 cxd5 15. Bxd5 Bg6 16. Qc4 Nxd5 17. Nxd5 Qd7 18. Nxe7+ Qxe7 19. h4 h6 20. Ne4 Bxe4 21. fxe4 Qxh4 22. Bxd4 exd4 23. Qxd4 Rac8 24. g5 hxg5 25. Rdf1 Rc7 26. Rf5 Rfc8 27. Kb1 Qh2 28. Rfxg5 f6 29. Qxf6 Qh8 30. Qe6+ Rf7 31. Rf1 Rcf8 32. Rff5 g6 33. Rxg6+ Kh7 34. Rh5# 1-0